|
|
|
|
| LEADER |
00000ckm a2200000 a 4500 |
| 001 |
vtls012064579 |
| 003 |
SK-MaSNL |
| 005 |
20260331212054.0 |
| 007 |
kf co |
| 008 |
210805s1974 xo g 0kuslo |
| 015 |
|
|
|a SNBG1974
|
| 040 |
|
|
|a SNK
|b slo
|c SNK
|e AACR2
|
| 041 |
0 |
|
|a slo
|
| 043 |
|
|
|a e-xo---
|
| 044 |
|
|
|a xo
|c SK
|
| 072 |
|
7 |
|a 913
|x Regionálna geografia
|2 konspekt
|
| 080 |
|
|
|a 913(437.6)
|2 2011
|
| 080 |
|
|
|a 730
|2 2011
|
| 080 |
|
|
|a 726.82
|2 2011
|
| 080 |
|
|
|a 726:27-523.42:274.5(439.22)
|2 2011
|
| 080 |
|
|
|a 718
|2 2011
|
| 080 |
|
|
|a 27-526.64
|2 2011
|
| 080 |
|
|
|a 2-526.64
|2 2011
|
| 080 |
|
|
|a 026/027
|2 2011
|
| 080 |
|
|
|a 373.5
|2 2011
|
| 080 |
|
|
|a 640.412
|2 2011
|
| 080 |
|
|
|a 728.222
|2 2011
|
| 080 |
|
|
|a 721
|2 2011
|
| 080 |
|
|
|a 904:72
|2 2011
|
| 080 |
|
|
|a 904(084.121)
|2 2011
|
| 100 |
1 |
|
|a Paul, Petr,
|d 1945-
|4 pht
|9 181505
|
| 245 |
1 |
0 |
|a Dolný Kubín
|h grafika
|b hrob Jégé-Nádašiho : celkový pohľad : neogotický kostol z r. 1885-86 : Pomník P. O. Hviezdoslava : Gymnázium P. O. Hviezdoslava : hotel Severan : časť novej výstavby
|c foto Petr Paul, Pavol Havran, Ján Kanka
|
| 246 |
1 |
|
|i Názov na obrazovej časti:
|a Dolný Kubín
|
| 260 |
|
|
|a Bratislava
|b Pravda
|c 1974
|e [Bratislava]
|f TZP-B
|
| 300 |
|
|
|a 1 pohľadnica (7 čiastkových pohľadov)
|b farebná
|c 11 x 15 cm
|
| 520 |
8 |
|
|a Zobrazenie: Sedem čiastkových pohľadov, každý v bielom orámovaní, všetky spolu na hnedom podklade. Dole je medzi piatym a šiestym pohľadom bielym písmom na červenom podklade v bielom orámovaní názov. Pohľad na hrob Ladislava Nádašiho-Jége s náhrobným kameňom v čiernej farbe, vľavo so sochou ženy. Na hrobe sú tri kvety v kvetináčoch a jeden vo váze. V pozadí sú ďalšie hroby a vľavo za nimi je vysoký ihličnatý strom. Pohľad na mesto z trávnatého kopca nad ním. Vľavo aj vpravo v popredí sú koruny listnatých stromov, za nimi vidno panelové domy aj staršie bytové domy. Medzi nimi je Farský kostol sv. Kataríny Alexandrijskej. Vpravo v pozadí za centrom mesta sú výškové panelové domy zo sídliska Bysterec. Pohľad na farský kostol, s vežou vľavo. V popredí je park, trávnaté plochy a medzi nimi chodníky. Na trávnikoch sú kvetinové záhony a vľavo pred kostolom vidno vysoké a mohutné stromy. Pohľad na sochu P. O. Hviezdoslava na vysokom podstavci vľavo v popredí na trávnatej ploche. Pred sochou sú posadené kvety. Za sochou sú vysoké listnaté stromy a v pozadí je budova Čaplovičovej knižnice. Vpravo za stromami vidno aj budovu Evanjelického kostola. Pohľad na budovu Gymnázia P. O. Hviezdoslava. Pohľad na Hotel Severan, pred ním je parkovisko a v popredí trávnatá plocha. Pohľad zhora na ulicu , vpravo je rad nízkych starších budov, v popredí je vysoký bytový dom s farebnými balkónmi vľavo. V pozadí za budovami je veža farského kostola a vľavo v diaľke vidno stúpajúci svah zalesnenej hory
|
| 600 |
0 |
7 |
|a Jégé,
|d 1866-1940
|2 SNKMA
|9 100217
|
| 600 |
1 |
7 |
|a Hviezdoslav, Pavol Országh,
|d 1849-1921
|2 SNKMA
|9 92721
|
| 610 |
2 |
7 |
|a Farský kostol sv. Kataríny Alexandrijskej (Dolný Kubín, Slovensko)
|2 SNKKA
|9 193314
|
| 610 |
2 |
7 |
|a Čaplovičova knižnica (Dolný Kubín, Slovensko)
|2 SNKKA
|9 62088
|
| 610 |
2 |
7 |
|a Evanjelický kostol (Dolný Kubín, Slovensko)
|2 SNKKA
|9 215848
|
| 610 |
2 |
7 |
|a Gymnázium P.O. Hviezdoslava (Dolný Kubín, Slovensko)
|2 SNKKA
|9 31857
|
| 610 |
2 |
7 |
|a Hotel Severan (Dolný Kubín, Slovensko)
|2 SNKKA
|9 402254
|
| 650 |
0 |
7 |
|a hroby
|2 SNKPH
|9 2947
|
| 650 |
0 |
7 |
|a náhrobné kamene
|2 SNKPH
|9 50274
|
| 650 |
0 |
7 |
|a sochy
|2 SNKPH
|9 29846
|
| 650 |
0 |
7 |
|a cintoríny
|2 SNKPH
|9 2946
|
| 650 |
0 |
7 |
|a katolícke kostoly
|2 SNKPH
|9 3028
|
| 650 |
0 |
7 |
|a evanjelické kostoly
|2 SNKPH
|9 86148
|
| 650 |
0 |
7 |
|a knižnice
|2 SNKPH
|9 17965
|
| 650 |
0 |
7 |
|a gymnáziá
|2 SNKPH
|9 16386
|
| 650 |
0 |
7 |
|a hotely
|2 SNKPH
|9 18422
|
| 650 |
0 |
7 |
|a bytové domy
|2 SNKPH
|9 31781
|
| 650 |
0 |
7 |
|a budovy
|2 SNKPH
|9 1283
|
| 650 |
0 |
7 |
|a národné kultúrne pamiatky
|2 SNKPH
|9 31192
|
| 651 |
|
7 |
|a Dolný Kubín (Slovensko)
|2 SNKPHgeo
|9 168992
|
| 655 |
|
7 |
|a miestne pohľadnice
|2 SNKPH
|9 70510
|
| 655 |
|
7 |
|a pohľadnice kultúrnych pamiatok
|2 SNKPH
|9 70523
|
| 700 |
1 |
|
|a Havran, Pavol,
|d 1938-
|4 pht
|9 133789
|
| 700 |
1 |
|
|a Kanka, Ján
|4 pht
|9 181462
|
| 958 |
|
|
|a GBN
|
| 958 |
|
|
|a GC
|
| 958 |
|
|
|a OND
|
| 999 |
|
|
|c 653292
|d 655222
|
| 952 |
|
|
|a SNK
|b SNK
|y PREZ
|7 0
|p 17A1410207
|o snkSP 70880
|0 0
|1 0
|4 0
|d 2021-08-05
|f 1
|l 0
|r 2026-02-23 18:28:12
|w 2026-02-23
|
| 952 |
|
|
|a SNK
|b SNK
|y PREZ
|7 0
|p 17A1410208
|o snkSP 70880 D1
|0 0
|1 0
|4 0
|d 2021-08-05
|l 0
|r 2026-02-23 18:28:13
|w 2026-02-23
|